01425cam a22003617a 4500003000500000005001700005008004100022010001000063011001000073035001000083040000900093090001000102100003900112245008900151260004100240300002200281502007700303590003700380590004100417590004100458590004100499590004200540650002100582650002300603901000700626905002600633942000900659949006200668949004900730999001700779952014000796952012700936CHAP20220329142710.0010920d2001 mx r 00110 spa d a86616 a87588 a98132 cCHAP aTesis00aHernández Ruíz, Erasmo.95458510aProducción de minihelechos en diferentes sustratosc/por Erasmo Hernández Ruíz aChapingo, Méx. :bEl autor,c2002. a88 h. ;bgráfs. aTesis (Ing. Agr. Esp. en Fitotecnia) -- UACH. Departamento de Fitotecnia aALEPHb10c20130110lUCH01h1450 aBATCH-UPDb10c20130110lUCH01h1748 aBATCH-UPDb10c20130410lUCH01h1126 aBATCH-UPDb10c20130914lUCH01h1605 aCONVERSIONb10c20130109lUCH01h134814aHelechos.95341214aSustratos.9110789 aBK aAlejandra Carrasco M. cFOLL aTesisbBCcTESd33724000872701eTS2fc.2h40251i98132si aTesisbBCcTESd981321eTS1h40250i98132sb c86616d86616 00102local4053708TESISaBCbBCcPA_TESISd2019-12-31fTESISl0oTesisp33724000872701r2019-12-31 00:00:00tc.2w2019-12-31yTESIS 00102local4051708TESISaBCbBCcPA_TESISd2019-12-31fTESISl0oTesisp981321r2019-12-31 00:00:00w2019-12-31yTESIS